[Event "Fall Chess Classic 2017-A"]
[Site "Saint Louis"]
[Date "2017.09.10"]
[Round "5"]
[White "Swiercz, Dariusz"]
[Black "Ju, Wenjun"]
[Result "1/2-1/2"]
[WhiteElo "2638"]
[BlackElo "2574"]
[Annotator "TA"]
[PlyCount "63"]
[EventDate "2017.??.??"]
[EventType "tourn"]
[EventCountry "USA"]
[SourceTitle "playchess.com"]
[Source "ChessBase"]
[SourceQuality "1"]

{[%evp 18,63,10,10,10,17,17,17,17,10,10,10,10,2,2,2,5,2,2,2,2,2,2,2,4,0,0,0,0,0,0,0,0,0,0,0,0,-46,-39,-54,-54,-54,-54,-54,-49,-49,-49,-53]} 1. Nf3 d5 2. g3 Bg4 3. Bg2 c6 4. O-O Nd7 5. h3 Bxf3 6. Bxf3 {A07: Réti Opening: New York and Capablanca Systems} e5 7. d3 Ngf6 8. e4 Bc5 9. Nc3 dxe4 10. Nxe4 {LiveBook: 3 Games} Nxe4 11. dxe4 O-O 12. Qe2 Qe7 13. h4 $146 a5 14. Bg5 Nf6 15. a4 Rfd8 16. Rfd1 Bd4 17. c3 Bb6 18. Rxd8+ Rxd8 19. Rd1 Rxd1+ 20. Qxd1 h6 21. Bc1 Qe6 22. Kg2 Qa2 23. Qd6 {[#] Qb8+ is the strong threat.} Qxa4 {Hoping for ...Qa1.} 24. Bxh6 $1 ({Of course not} 24. Qb8+ Kh7 $15) 24... gxh6 25. Qxf6 Qc2 26. Bh5 Qxe4+ 27. Qf3 (27. Kg1 {keeps more tension.} Qe1+ 28. Kg2 Qe4+) 27... Qd5 {Black is slightly better.} 28. Qxd5 cxd5 29. Bf3 e4 30. Bg4 d4 31. cxd4 Bxd4 32. b3 {Precision: White = 88%, Black = 94%.} 1/2-1/2

[Event "Fall Chess Classic 2017-A"]
[Site "Saint Louis"]
[Date "2017.09.10"]
[Round "5"]
[White "Zherebukh, Yaroslav"]
[Black "Meier, Georg"]
[Result "1/2-1/2"]
[WhiteElo "2621"]
[BlackElo "2651"]
[Annotator "TA"]
[PlyCount "60"]
[EventDate "2017.??.??"]
[EventType "tourn"]
[EventCountry "USA"]
[SourceTitle "playchess.com"]
[Source "ChessBase"]
[SourceQuality "1"]

{[%evp 29,60,0,0,0,0,0,0,0,0,0,0,0,-5,-6,0,0,0,0,0,0,0,0,0,0,0,0,0,0,0,0,0,0,0]} 1. e4 e6 2. d4 d5 3. Nd2 dxe4 4. Nxe4 Nd7 5. Nf3 Ngf6 6. Nxf6+ Nxf6 7. Bd3 c5 8. dxc5 Bxc5 9. O-O O-O 10. Bg5 h6 11. Bh4 b6 {C10: French with 3 Nc3: Unusual Black 3rd moves and 3...dxe4} 12. Qe2 Bb7 13. Rad1 Qc7 14. Bxf6 gxf6 15. Be4 Rfd8 {LiveBook: 5 Games. The position is equal.} (15... Rad8 16. Bxb7 Qxb7 17. Rd2 Rd5 18. Rfd1 Rfd8 19. a3 a5 20. Kf1 Kg7 21. Rd3 Qc6 22. R1d2 Qb7 23. Rd1 Qc6 24. R1d2 Qb7 25. Rd1 Qc6 {½-½ (26) Gashimov,V (2679)-Mamedyarov,S (2752) Baku 2008}) 16. g3 Rac8 $146 ({Predecessor:} 16... Bxe4 17. Qxe4 f5 18. Qe5 Qxe5 19. Nxe5 {½-½ (51) Nolte,R (2479)-Al Huwar,J (2293) Subic Bay 2009}) 17. Kg2 f5 (17... b5 {feels hotter.} 18. c3 a5 19. Bxb7 Qxb7 20. a3 f5) 18. Bxb7 Qxb7 19. Rxd8+ Rxd8 20. Rd1 Rxd1 21. Qxd1 Kg7 22. Qd3 Qe4 23. Kf1 Kf6 24. Qd8+ Kg7 25. Qd3 Kf6 26. Qd8+ Kg7 27. Qd3 Kf6 28. Qd8+ Kg7 29. Qd3 Kf6 30. Qd8+ Kg7 1/2-1/2

[Event "Fall Chess Classic 2017-A"]
[Site "Saint Louis"]
[Date "2017.09.10"]
[Round "5"]
[White "Petrosian, Tigran L"]
[Black "Naroditsky, Daniel"]
[Result "0-1"]
[WhiteElo "2615"]
[BlackElo "2626"]
[Annotator "TA"]
[PlyCount "90"]
[EventDate "2017.??.??"]
[EventType "tourn"]
[EventCountry "USA"]
[SourceTitle "playchess.com"]
[Source "ChessBase"]
[SourceQuality "1"]

{[%evp 29,90,39,51,8,1,-39,-16,-25,0,0,0,0,0,0,0,0,0,-2,4,-30,0,-25,-10,-14,-16,-16,-4,-9,-8,-14,0,0,0,-2,0,-210,-203,-206,-204,-138,-139,-140,-138,-140,-29,-140,-138,-133,-58,-135,-130,-575,-641,-613,-575,-29984,-29985,-29985,-29986,-29995,-29996,-29996,-160]} 1. e4 e5 2. Nf3 Nc6 3. Bc4 Bc5 4. c3 Nf6 5. d3 a6 6. Bb3 Ba7 7. O-O d6 8. h3 O-O 9. Re1 Ne7 10. Nbd2 Ng6 11. Nf1 Re8 12. Ng3 h6 13. d4 b5 14. a4 Bb7 15. Bc2 Bb6 {LiveBook: 15 Games. C54: Giuoco Piano: 4 c3 Nf6, main lines with 5 d4 and 5 d3} 16. Bd3 (16. Bd2 {looks sharper.} d5 17. a5 Ba7 18. Nxe5 Nxe5 19. dxe5 Nxe4 20. Nxe4 dxe4 21. Bxe4 Bxe4 22. Rxe4 Qd3 23. Re1) 16... d5 {[#]} 17. axb5 $146 ({Predecessor:} 17. exd5 Qxd5 18. axb5 axb5 19. Rxa8 Bxa8 20. Ne4 Nd7 21. Ned2 Kf8 22. c4 bxc4 23. Bxc4 Qd6 24. Qb3 Re7 25. Qa2 Bb7 26. Ne4 Bxe4 27. Rxe4 Nf6 28. dxe5 Bxf2+ 29. Kh2 Bg3+ {0-1 (29) Kornev,A (2568)-Inarkiev,E (2625) Tomsk 2006}) 17... dxe4 {Black is slightly better.} 18. Nxe4 Nxe4 19. Bxe4 Bxe4 20. Rxe4 axb5 21. Rxa8 Qxa8 22. Qe2 {[%cal Rf3e5]} Qd5 23. g4 f6 24. dxe5 (24. Bf4 $5) 24... Nxe5 (24... fxe5 $5 {[%cal Re8f8]} 25. Bf4 Nxf4 26. Rxf4 e4 $15) 25. Kg2 Kf7 26. Nxe5+ $1 Rxe5 27. f3 Qc5 {[%csl Gb6][%cal Rc5g1]} 28. Qf1 Rxe4 29. fxe4 b4 30. Bd2 b3 31. Kf3 h5 {[%cal Bh6h5,Bh5h4][%mdl 32]} 32. Bf4 $2 (32. Qe2 $11 {and White has nothing to worry.}) 32... g5 $19 33. Bd2 h4 34. Qg2 Ke6 35. Qf1 Qe5 36. Qg2 c6 (36... Ba7 $17 37. Bc1 Qc5) 37. Qf1 (37. Ke2 $1 $11 {was the only way to keep the balance.}) 37... Ke7 $36 {[%mdl 2048] Black has strong initiative.} 38. Qg2 Kf7 (38... Kd6 $17 39. Bc1 Qc5) 39. Qf1 ({White should play} 39. Be3 $15 Bc7 40. Ke2) 39... Kg7 40. Qd3 $2 {[%mdl 8192]} (40. Qg2 $17 {is a better chance.}) 40... Qh2 $1 $19 {[%csl Gb6][%cal Rh2f2]} 41. Qd7+ {[#]} Kf8 $1 {[%csl Gb6][%cal Rh2f2]} 42. e5 {[#] And now Qd6+ would win.} Qh1+ $1 {Black mates.} 43. Ke2 Qe4+ 44. Kd1 Qf3+ 45. Ke1 Bf2+ {Precision: White = 32%, Black = 71%.} 0-1

[Event "Fall Chess Classic 2017-A"]
[Site "Saint Louis"]
[Date "2017.09.11"]
[Round "6"]
[White "Meier, Georg"]
[Black "Kovalev, Vladislav"]
[Result "1-0"]
[WhiteElo "2651"]
[BlackElo "2640"]
[Annotator "TA"]
[PlyCount "77"]
[EventDate "2017.??.??"]
[EventType "tourn"]
[EventCountry "USA"]
[SourceTitle "playchess.com"]
[Source "ChessBase"]
[SourceQuality "1"]

{[%evp 18,77,10,8,10,19,30,31,37,27,31,43,80,77,105,97,152,145,207,222,363,369,366,363,350,248,249,233,254,253,259,229,245,241,229,234,337,328,395,378,564,377,493,492,470,441,424,181,609,609,390,381,639,596,566,575,827,768,1458,1315,29996,29997]} 1. Nf3 Nf6 2. g3 g6 3. Bg2 Bg7 4. O-O c5 5. c4 O-O 6. Nc3 d5 7. cxd5 Nxd5 8. Nxd5 Qxd5 9. d4 cxd4 {[#]} 10. Be3 $1 {[%cal Rf3d4][%mdl 512] LiveBook: 18 Games. A34: Symmetrical English: 2 Nc3, lines with ...d5} d3 (10... dxe3 11. Qxd5) (10... Qb5 11. Nxd4 Qxb2 12. Qa4 Bd7 13. Qc4 Nc6 14. Rab1 Qa3 15. Rxb7 Na5 16. Qa6 Bc8 17. Nb3 Bc3 18. Nxa5 Bxb7 19. Bxb7 Qxa5 20. Qxa5 Bxa5 21. Bxa8 Rxa8 {½-½ (33) Khairullin,I (2662)-Jakovenko,D (2759) Chita 2015}) 11. Ne1 Qa5 12. Nxd3 {White has an edge.} Nc6 13. b4 $146 ({Predecessor:} 13. Qe1) 13... Qd8 14. Rc1 Rb8 15. a4 $36 {[%cal Ba2a4,Ba4a5][%mdl 2080] Keeping Black busy.} a6 16. a5 e5 {[#]} (16... Bg4 $142) 17. Bb6 $1 $16 {[%cal Rb6d8]} Qf6 (17... Qg5 $16 18. Re1 Qh5) 18. Bc7 $18 {And now Bxc6 would win.} Bg4 (18... Ra8 $142 19. Bxc6 bxc6) 19. Bxc6 bxc6 20. Bxe5 Qf5 21. Bxg7 Kxg7 22. Qd2 (22. Rxc6 $6 Qe4) 22... Qf6 23. Rc4 {[%cal Bc1c4,Bc4d4,Bd4d6][%mdl 32]} h5 24. Rfc1 Rfe8 25. f3 (25. Rxc6 $6 Rxe2 26. Qh6+ (26. Rxf6 Rxd2 27. Nc5 Kxf6 $15) 26... Kxh6 $16) 25... Bf5 26. Nf4 ({Weaker is} 26. Rxc6 Qd4+ 27. Kg2 Bxd3 $16) 26... Qe7 (26... Red8 $142 27. Qe3 Bd7) 27. Rd4 Rec8 28. Rd6 Kh7 (28... Rb7 $142 29. Rc5 Rd7) 29. Qd4 Rxb4 30. Qxb4 Qe3+ 31. Kg2 Qxc1 32. e4 (32. Rf6 $142 {aiming for Qe7.} Kg8 33. Qb7) 32... c5 $2 (32... Qc2+ 33. Kf1 c5) 33. Qb7 Qc2+ 34. Kg1 Qc1+ $2 (34... Kg8 35. exf5 (35. Qxa6 Rb8 $16) 35... Re8 36. Rxg6+ (36. Qxa6 $2 Re1+ 37. Qf1 Rxf1+ 38. Kxf1 Qxf5 $19) 36... Kh8) 35. Kf2 Qc2+ 36. Ne2 Kg8 37. exf5 {[%cal Be4f5,Bf5f6][%mdl 32]} Re8 {[#]} 38. Re6 $1 {[%cal Re6e8][%mdl 512]} fxe6 (38... Rxe6 39. fxe6) 39. f6 {Precision: White = 76%, Black = 21%.} 1-0

[Event "Fall Chess Classic 2017-A"]
[Site "Saint Louis"]
[Date "2017.09.11"]
[Round "6"]
[White "Swiercz, Dariusz"]
[Black "Shimanov, Aleksandr"]
[Result "0-1"]
[WhiteElo "2638"]
[BlackElo "2646"]
[Annotator "TA"]
[PlyCount "106"]
[EventDate "2017.??.??"]
[EventType "tourn"]
[EventCountry "USA"]
[SourceTitle "playchess.com"]
[Source "ChessBase"]
[SourceQuality "1"]

{[%evp 11,106,26,27,18,18,26,29,10,30,25,27,13,29,11,29,33,50,30,40,16,16,14,17,3,8,0,0,-2,0,-7,14,23,26,0,32,0,0,0,0,0,0,0,0,-33,0,0,0,0,0,-14,-14,-149,-146,-132,-93,-93,-101,-222,-222,-194,-172,-181,-141,-188,-174,-195,-208,-252,-253,-252,-252,-246,-244,-234,-231,-235,-258,-301,-310,-300,-281,-387,-378,-807,-804,-765,-764,-765,-712,-29975,-29976,-29976,-29978,-29981,-29982,-29988,-29989]} 1. e4 c6 2. Nc3 d5 3. Nf3 dxe4 4. Nxe4 Nf6 5. Qe2 Bg4 (5... Bf5 6. Nxf6+ gxf6 7. d3 Nd7 8. g3 Ne5 9. Nxe5 Qa5+ 10. Bd2 Qxe5 11. Qxe5 fxe5 12. Bg2 h5 13. O-O {½-½ (48) Vachier Lagrave,M (2783)-Carlsen,M (2851) Leuven 2017}) 6. h3 {B11: Caro-Kann: Two Knights Variation} Bh5 {LiveBook: 6 Games} 7. Nxf6+ gxf6 8. d3 {The position is equal.} e6 9. Bd2 (9. g4 $5 {[%cal Rg4h5]} Bg6 10. Bg2 $14) 9... Na6 10. a3 Nc5 $146 ({Predecessor:} 10... Nc7 11. g4 Bg6 12. O-O-O Nb5 13. Qe3 {½-½ (35) Huschenbeth,N (2585)-Nisipeanu,L (2683) Dresden 2017}) 11. g4 Bg6 12. Nh4 Be7 13. Bg2 Rg8 14. Nxg6 hxg6 15. h4 f5 16. g5 Na4 17. Rb1 Qc7 18. b3 Nb6 {[%cal Ba4b6,Bb6d5,Bd5c3][%mdl 32]} 19. b4 Nd5 20. Qf3 Qe5+ 21. Kf1 Rd8 22. c4 Nc3 23. Re1 Qd4 24. Rh3 Rh8 25. Qf4 Na4 $1 26. b5 cxb5 27. Bxb7 Kf8 {[#] aiming for ...Qxf4.} 28. cxb5 Qxf4 29. Bxf4 Nc5 $1 {[%cal Rc5b7]} 30. Be5 (30. Ba6 $5) 30... Rh7 31. Bg2 (31. Ba6 $1 $11) 31... Nxd3 $17 32. Bc7 Rc8 $36 {[%mdl 2048] Black has strong initiative.} ({But not} 32... Nxe1 33. Bxd8 Bxd8 34. Kxe1 $15) 33. Rxd3 Rxc7 34. a4 (34. Rd4 $17) 34... Rxh4 $19 35. a5 Rb4 ({Don't do} 35... Bxg5 36. b6 $15) 36. Bc6 Bxg5 37. Ra1 Bf6 38. Ra2 Bd4 39. Bg2 e5 40. b6 axb6 41. a6 {Black should prevent a7.} Ra7 42. Bb7 b5 {[%cal Bb6b5,Bb5b4,Bb4b3,Bb3b2][%mdl 32]} 43. Ke2 Rb1 44. Rd1 Rxd1 45. Kxd1 {[%mdl 4096] Endgame KRB-KRB} b4 46. f3 b3 47. Ra4 $2 {[#]} (47. Rh2) 47... b2 48. Kc2 g5 {[%cal Bg6g5,Bg5g4,Bg4g3,Bg3g2][%mdl 32]} 49. Rc4 g4 50. f4 g3 {Black mates.} 51. fxe5 Rxa6 52. Rc8+ Kg7 53. Bxa6 g2 {Precision: White = 35%, Black = 89%.} 0-1

[Event "Fall Chess Classic 2017-A"]
[Site "Saint Louis"]
[Date "2017.09.11"]
[Round "6"]
[White "Ju, Wenjun"]
[Black "Naroditsky, Daniel"]
[Result "1-0"]
[WhiteElo "2574"]
[BlackElo "2626"]
[Annotator "TA"]
[PlyCount "109"]
[EventDate "2017.??.??"]
[EventType "tourn"]
[EventCountry "USA"]
[SourceTitle "playchess.com"]
[Source "ChessBase"]
[SourceQuality "1"]

{[%evp 14,109,30,-20,32,13,54,43,51,46,57,43,58,46,45,27,53,66,81,79,72,99,71,86,86,77,237,239,220,226,217,117,146,148,130,87,106,108,122,41,64,0,0,0,0,0,62,61,58,58,134,82,88,84,83,85,133,81,80,102,93,108,206,175,283,283,283,283,283,283,343,272,277,268,232,242,461,438,475,352,695,686,1281,1237,1238,1235,1219,1194,1112,1108,1066,1064,1000,968,888,875,762,782]} 1. d4 Nf6 2. c4 e6 3. g3 d5 4. Nf3 dxc4 5. Bg2 c6 6. Ne5 c5 {E04: Open Catalan: 5 Nf3} (6... b5 7. Nxc6 Qb6 8. Nxb8 Bb7 9. Bxb7 Qxb7 10. O-O Rxb8 11. b3 cxb3 12. axb3 Rc8 13. Qd3 a6 14. Bb2 {1-0 (47) Landa,K (2601)-Van Foreest,J (2615) Germany 2017}) 7. Qa4+ Nbd7 8. Nxc4 {LiveBook: 4 Games} (8. Be3 {feels hotter.} Be7 9. dxc5 O-O 10. Nxd7 Bxd7 11. Qxc4 Nd5 12. Bxd5 exd5 13. Qxd5 Qc8 14. O-O) 8... Be7 (8... cxd4 $11 9. O-O Nd5) 9. dxc5 $14 Bxc5 10. O-O O-O 11. Nc3 Nb6 $146 ({Predecessor:} 11... a6 12. Bf4 b5 13. Qa5 Ra7 14. Qxd8 Rxd8 {1-0 (46) Tica,S (2359)-Blohberger,F (2272) Zadar 2016}) 12. Qb5 Qe7 13. Nxb6 Bxb6 14. Bf4 Bd7 15. Qd3 $36 {[%mdl 2048] Black is under pressure.} Rfd8 16. Bd6 Qe8 {Threatens to win with ...Bc6.} 17. Bxb7 Bc6 18. Bxa8 Bxa8 19. Rad1 $1 ({Weaker is} 19. e4 Bc5 $17) 19... e5 $2 (19... h6 $16 {might work better.}) 20. Qb5 $1 $18 Qxb5 21. Nxb5 Ne4 22. Bc5 ({Less strong is} 22. Bxe5 Bxf2+ 23. Kg2 Nc3+ 24. Kxf2 Nxd1+ 25. Kg1 f6 $14) (22. b4 $18) 22... Rxd1 23. Rxd1 Nxc5 24. Nxa7 Ne6 25. Nb5 Kf8 26. a4 (26. Rc1 $16 Bb7 27. b4) 26... Ba5 $14 27. Rd7 (27. Kf1 $14) 27... Bc6 $11 28. Ra7 Bb4 29. Ra6 Bd7 ({Better is} 29... Nd8 $1 $11) 30. Nc3 $1 $14 Bxc3 $1 31. bxc3 Nc5 (31... Ke7 $1 $14) 32. Ra8+ (32. Ra7 $142) 32... Ke7 $16 {[#]} 33. a5 $1 {[%cal Ra5a6] Strongly threatening a6.} Bb5 34. e3 e4 35. Ra7+ (35. g4 $142) 35... Ke6 36. Rc7 Na6 37. Rc8 Bd3 (37... h5 $16) 38. g4 g5 (38... h6 {was called for.} 39. Kg2 Kd6) 39. Kg2 Ke7 40. Rc6 Kd7 41. Rh6 Ke7 42. Rxh7 Nc5 43. Rg7 Ne6 {[#]} 44. Rg8 $1 f6 $2 (44... Kd7 45. Kg3 Kd6) 45. Rb8 $18 Nc5 46. Rb6 Na4 $2 (46... Nd7) 47. Rb7+ {White is clearly winning.} Kd6 {[#]} 48. c4 $1 Nc5 (48... Bxc4 49. Rb4) 49. Rb6+ Kc7 50. Rxf6 Bxc4 51. Rf5 Ne6 52. Kg3 Kd6 53. h4 gxh4+ 54. Kxh4 Nc5 55. g5 {Precision: White = 70%, Black = 38%.} 1-0

[Event "Fall Chess Classic 2017-A"]
[Site "Saint Louis"]
[Date "2017.09.11"]
[Round "6"]
[White "Liang, Awonder"]
[Black "Zherebukh, Yaroslav"]
[Result "1/2-1/2"]
[WhiteElo "2545"]
[BlackElo "2621"]
[Annotator "TA"]
[PlyCount "88"]
[EventDate "2017.??.??"]
[EventType "tourn"]
[EventCountry "USA"]
[SourceTitle "playchess.com"]
[Source "ChessBase"]
[SourceQuality "1"]

{[%evp 20,88,42,36,24,32,84,65,66,64,66,50,68,70,77,90,97,95,99,105,86,86,113,109,98,46,46,43,55,48,96,62,77,60,51,58,60,46,68,20,60,17,8,8,13,0,135,103,97,83,145,139,142,102,101,14,14,14,14,14,14,14,14,14,14,14,23,23,23,23,23]} 1. e4 c6 2. Nc3 d5 3. Nf3 dxe4 4. Nxe4 Nf6 5. Qe2 Nxe4 6. Qxe4 Qd5 {B11: Caro-Kann: Two Knights Variation} 7. Qh4 Qe6+ 8. Be2 Qg4 9. Qg3 Qxg3 10. hxg3 Bf5 (10... g6 11. d4 Bg7 12. Bh6 Bf6 13. Ne5 Be6 14. O-O-O {½-½ (46) Bacrot,E (2708)-Topalov,V (2749) Paris 2017}) 11. b3 {LiveBook: 5 Games} Nd7 12. Bb2 e5 (12... e6 $14) 13. O-O-O Bd6 $146 ({Predecessor:} 13... Bc5 14. Nxe5 Nxe5 15. Bxe5 {1-0 (32) Samsonkin,A (2606)-Martchenko,A (2342) Guelph 2010}) 14. d4 {[%cal Rd4e5]} e4 15. Nd2 {[%cal Bf3d2,Bd2c4,Bc4e3][%mdl 32]} Nf6 16. Nc4 Bc7 17. Ne3 Be6 18. c4 O-O-O {[#]} 19. d5 $1 {[%mdl 512]} cxd5 20. Bxf6 gxf6 21. cxd5 Bd7 22. Rh4 (22. Bg4 $16) 22... f5 $14 23. Rdh1 Rhg8 24. Rxh7 Rdf8 25. R1h4 Bd8 26. R4h5 Bg5 27. Kd2 b5 28. Rh1 Kd8 29. Bh5 (29. a4 $5) 29... Ke7 30. d6+ Kf6 $1 31. f4 {[#] Bxf7 is the strong threat.} exf3 $1 32. gxf3 {[%cal Bg2f3,Bf3f4][%mdl 32] Threatens to win with f4.} Ke6 (32... Bxe3+ $1 $11 {remains equal.} 33. Kxe3 Rxg3) 33. f4 Bd8 34. g4 Bc6 ({Black should try} 34... fxg4 35. Bxg4+ Kxd6 36. R1h6+ Ke7) 35. Rc1 $16 ({Resist} 35. gxf5+ Kxd6 36. Rd1 Rh8 $16) 35... Be4 36. Rh6+ (36. gxf5+ $6 Kxd6 37. Bxf7 Rh8 $14) 36... Kd7 37. g5 (37. Rc5 $16) 37... Rh8 $11 38. Rc5 f6 39. Nxf5 {aiming for g6.} ({Much worse is} 39. Be2 Ba5+ 40. Kc1 Bb6 $17) 39... fxg5 40. Rxh8 Rxh8 41. Bg4 Bxf5 42. Rxf5 {Hoping for Rf8+.} Kxd6 43. fxg5 Rg8 44. Rxb5 Rxg5 {Precision: White = 60%, Black = 63%.} 1/2-1/2

[Event "Fall Chess Classic 2017-A"]
[Site "Saint Louis"]
[Date "2017.09.12"]
[Round "7"]
[White "Shimanov, Aleksandr"]
[Black "Ju, Wenjun"]
[Result "0-1"]
[WhiteElo "2646"]
[BlackElo "2574"]
[Annotator "TA"]
[PlyCount "152"]
[EventDate "2017.??.??"]
[EventType "tourn"]
[EventCountry "USA"]
[SourceTitle "playchess.com"]
[Source "ChessBase"]
[SourceQuality "1"]

{[%evp 12,152,11,7,18,14,0,10,16,16,17,30,26,20,20,26,22,-6,0,-19,-11,-28,-21,-22,-22,-22,-22,-41,-45,-45,-4,-2,-5,-83,-83,-66,-76,-75,-54,-72,-9,-16,-10,-19,0,0,0,0,0,0,0,0,0,-46,-57,-158,-127,-144,-150,-193,-79,-54,-71,-96,-108,-141,-141,-127,-135,-294,-289,-282,-272,-293,-231,-284,-236,-241,-214,-238,-251,-263,-250,-364,-395,-387,-358,-376,-391,-388,-383,-383,-370,-356,-291,-297,-290,-285,-269,-257,-250,-258,-255,-254,-235,-350,-323,-970,-933,-874,-316,-321,-320,-319,-311,-378,-378,-405,-391,-449,-421,-622,-625,-672,-662,-651,-645,-644,-598,-841,-659,-12840,-12843,-12843,-12843,-12844,-12844,-12845,-12842,-12844,-12844,-12847,-12847]} 1. c4 Nf6 2. Nc3 e6 3. e4 d5 4. cxd5 exd5 5. e5 Ne4 6. Nf3 Bf5 {A18: English Opening: Flohr-Mikenas System (1 c4 Nf6 2 Nc3 e6 3 e4)} 7. Be2 {LiveBook: 9 Games} d4 8. Nxe4 Bxe4 {The position is equal.} 9. Bc4 $146 ({Predecessor:} 9. d3 Bd5 10. O-O Nc6 11. a3 a5 12. Bf4 a4 13. Nd2 Be7 14. Bg3 {½-½ (61) Topalov,V (2749)-Nakamura,H (2785) Paris 2017}) 9... Be7 (9... Bd5 {looks sharper.} 10. Qb3 Bxc4 11. Qxc4 Nc6 12. O-O Qd7) 10. O-O Nc6 11. Re1 Bd5 12. Qb3 Bxc4 13. Qxc4 Qd7 14. d3 (14. b4 $5) 14... Qe6 15. Qb5 (15. Qa4 $5 {[%cal Rf3d4]}) 15... O-O-O 16. Bg5 (16. Bd2 {feels hotter.} Rhg8 17. Re4 Rd5 18. Qa4 Kb8 19. Qc4) 16... a6 17. Qc4 $1 Qxc4 18. dxc4 Rhe8 19. Bd2 h6 20. Re4 f5 21. exf6 $1 Bxf6 22. Rae1 (22. Rxe8 $11 Rxe8 23. Re1 Rxe1+ 24. Nxe1) 22... Rxe4 $17 23. Rxe4 b5 24. b3 bxc4 25. bxc4 Kb7 ({Better is} 25... Kd7 $1 $17 26. g4 Rb8) 26. Kf1 $1 $11 Kb6 27. Ke2 Kc5 28. Kd3 Rb8 29. Rf4 $1 Rb2 30. Rf5+ Kb6 31. a4 Ra2 (31... Ne7 $5 {[%cal Re7f5]} 32. a5+ Kb7 $15) 32. c5+ Kb7 33. g4 {[#]} (33. a5 $15) 33... Ra3+ $1 $17 ({Reject} 33... Rxa4 $6 34. Bxh6 Ra3+ 35. Ke4 $11) 34. Ke4 Rxa4 35. Bxh6 d3+ (35... Ne7 $19 {and Black stays clearly on top.} 36. Bxg7 {[#]} d3+ $1 {[%mdl 512]} 37. Kxd3 Nxf5 38. Bxf6 Rxg4) 36. Kxd3 Rxg4 37. Bd2 Nb4+ 38. Ke2 a5 {[%cal Ba6a5,Ba5a4][%mdl 32]} 39. c6+ Ka6 ({Much weaker is} 39... Kxc6 $6 40. Rxa5 Kd6 41. Be3 $11) 40. Rc5 $2 (40. Bf4 $17 {was worth a try.}) 40... a4 $19 {...a3 is the strong threat.} 41. Bc1 Re4+ 42. Kd1 Kb6 43. Rf5 Nxc6 ({But not} 43... Kxc6 44. Ra5 $19) 44. Be3+ Kb7 45. Rb5+ Ka6 46. Rc5 Re6 47. Rc4 (47. Bc1 $142) 47... Kb5 48. Rc5+ Kb4 {Strongly threatening ...Rxe3!} 49. Nd2 {White hopes to continue with Rc4+.} a3 50. Rc4+ Kb5 51. Rc5+ Ka6 52. Rc4 Be7 53. Rg4 Kb5 54. Nb1 Bb4 {Hoping for ...a2.} 55. Nxa3+ Bxa3 56. Rxg7 Re7 57. Rg5+ Kc4 58. h4 (58. Rg4+ $142 Kd3 59. h4) 58... Nd4 59. Rg4 $2 (59. Bxd4 Kxd4 60. Rg4+ Ke5 61. Ke2) 59... c5 60. Ke1 Kd5 $2 (60... Bc1 61. Kf1 Bxe3 62. fxe3 Rxe3) 61. Kf1 Nf5 62. Rg5 Ke6 63. Bf4 c4 {[%cal Bc5c4,Bc4c3,Bc3c2][%mdl 32]} 64. Rg6+ Kd5 65. Ra6 Bc5 {Black is clearly winning.} 66. h5 (66. Bd2 $142) 66... c3 67. h6 c2 {aiming for ...Be3.} 68. Bc1 Kc4 69. Ra4+ Kb3 70. Rf4 Nd4 71. Rh4 Nf3 72. Rh5 Re1+ 73. Kg2 Rxc1 74. Rxc5 {[#]} Ng5 $1 {[%mdl 512]} 75. f4 (75. Rxg5 Rg1+) 75... Nh7 76. Rb5+ Kc4 {Precision: White = 43%, Black = 73%.} 0-1